Chromatizmy červenej farby v slovenčine a španielčine

Analýza frazeologických jednotiek, ktoré vo svojej štruktúre obsahujú červenú farbu. takzvané chromatizmy.

Enregistré dans:
Détails bibliographiques
Auteur principal: Mocková, Nina, 1987-
Format: Chapitre de livre
Langue:slovaque
Sujets:
Tags: Ajouter un tag
Pas de tags, Soyez le premier à ajouter un tag!

MARC

LEADER 00000naa a2200000 4500
001 0250175
005 20260205105408.5
041 0 |a slo 
044 |a SK 
245 1 0 |a Chromatizmy červenej farby v slovenčine a španielčine  |c Nina Mocková 
520 |a Analýza frazeologických jednotiek, ktoré vo svojej štruktúre obsahujú červenú farbu. takzvané chromatizmy. 
610 2 0 |a frazeológia 
610 2 0 |a slovenčina 
610 2 0 |a španielčina 
610 2 0 |a jazyky cudzie 
100 1 |a Mocková, Nina, 1987-